[Event "Metalska Trgovina CC 90"]
[Site "Ljubljana"]
[Date "2002.01.22"]
[Round "4"]
[White "Nisipeanu, Liviu Dieter"]
[Black "Farago, Ivan"]
[Result "1-0"]
[WhiteElo "2608"]
[BlackElo "2500"]
[Annotator "Psakhis,L"]
[PlyCount "87"]
[EventDate "2002.01.19"]
[EventType "tourn"]
[EventRounds "11"]
[EventCountry "SLO"]
[EventCategory "11"]
[SourceTitle "CBM 088"]
[Source "ChessBase"]
[SourceDate "2002.03.21"]
[SourceVersion "1"]
[SourceVersionDate "2002.03.21"]
[SourceQuality "1"]

1. e4 e6 2. d4 d5 3. Nd2 c5 4. Ngf3 Nc6 5. exd5 exd5 6. Bb5 Bd6 7. O-O Nge7 8.
dxc5 Bxc5 9. Nb3 Bd6 10. Re1 O-O 11. Bg5 Bg4 12. Bh4 Re8 13. c3 ({According to
theory, White keeps small, but stable advantage after} 13. Bg3 Bxg3 (13... a6
14. Bd3 h6 15. c3 Qd7 16. Bc2 Rac8 17. Qd3 Bf5 18. Qd2 Bxc2 19. Qxc2 Red8 20.
Rad1 $14 {1-0 Emms,J-Schaller,S/BL 2001 (38)}) 14. hxg3 Qb6 15. a4 $5 {for
example} h6 16. Qd2 Bxf3 17. gxf3 Red8 18. Bd3 Qc7 19. Kg2 Qd6 20. Re2 $14 {
1-0 Emms,J-Hansen,L/Esbjerg North Sea Cup 2000/CBM 78 (36)}) 13... a6 $146 {
Just losing time} ({Worth considering} 13... Qb6 $5 14. Bxe7 Bxe7 15. Be2 (15.
Qxd5 Rad8 16. Qc4 Bxf3 17. gxf3 $13) 15... Rad8 16. Nfd4 Bc8 17. Qc2 Bf6 18.
Rad1 g6 $13 {Klundt,K-Uhlmann,W/AUS-BL 1995/0-1 (55)}) 14. Be2 Qb6 15. Nfd4
Bxe2 16. Qxe2 ({In the case of} 16. Rxe2 Nxd4 17. Nxd4 {Black must play} Ng6 ({
because, after} 17... Nc6 18. Nf5 Bf8 $140 $2 {White wins immediately -} 19.
Nh6+ $1 $18 gxh6 20. Rxe8 Rxe8 21. Qg4+) 18. Bg3 Re4 $13) 16... Nxd4 {Leads to
interesting and unclear complications, but, maybe, modest} (16... h6 $5 {
was stronger}) 17. Nxd4 Ng6 18. Qxe8+ $8 Rxe8 19. Rxe8+ Bf8 {White got two
rooks for the queen, but he can't protect pawn on the Q side and this position
is not so easy to evaluate.} 20. Bg3 Qxb2 21. Rd1 f6 {[%cal Gg8f7]} ({After} 
21... Qxa2 22. Bd6 Qc4 23. Nf5 $36 {Black can't avoid unpleasant pin}) 22. Rb8
Kf7 (22... Qxa2 23. Bd6) 23. h4 $1 Be7 ({Deserves attention, stopping h pawn} 
23... h5 $5) 24. Nf3 (24. h5 Ne5) 24... Nf8 (24... h5 25. Rxd5 Qxa2 26. Rxh5 b5
27. Ra8 $36) 25. a4 Nd7 ({After} 25... Qb3 $5 26. Re1 $5 ({White will not play
} 26. Rd2 Nd7 27. Rc8 (27. Rh8 Nf8 {[%csl Rh8]}) 27... Nc5 28. Rc7 Ne4 29. Re2
Qxa4 30. Bd6 $140 Qd1+ 31. Re1 Qxe1+ 32. Nxe1 Nxd6 $13 {with unclear game, but
will choose}) 26... Bc5 $5) 26. Rc8 Qb3 27. Re1 Qxa4 28. Rc7 {[%cal Rc7f7]
Playing quite naturally White has reached a particularly good positi} Bd8 (
28... b6 29. Nd4 Bc5 30. h5 $5 {[%csl Rf7]}) 29. Rxb7 Qc6 30. Reb1 Ke8 (30...
h5 31. Nd4) 31. Nd4 Qxc3 32. Nf5 $16 {White calmly brings more pieces into
attack, making Black's survival impossible.} Bb6 $6 (32... Qc6 $142 33. Nxg7+
Kf7 34. Nf5 {[%csl Gb7,Gf5,Rf7,Gg3]}) 33. Nxg7+ Kd8 34. Ne6+ (34. R1xb6 Nxb6
35. Rxb6 a5 {[%csl Ra5]}) 34... Ke8 35. Nc7+ Kf8 (35... Bxc7 36. Rxc7 $18) 36.
R1xb6 (36. Nxd5 $1 Qc6 $140 37. Rxd7 Qxd7 38. Nxf6 Qe6 39. Rxb6 $1) 36... Nxb6
37. Rxb6 {White has both positional and material advantage, so the rest is
pretty clear} a5 (37... d4 38. Rxf6+ Kg7 (38... Kg8 39. Ne6) 39. Rf3 d3 40.
Ne6+ Kh6 41. Bf4+ Kg6 42. h5+ $1 Kxh5 43. Rg3 $18) 38. Nxd5 Qc1+ 39. Kh2 a4 40.
Rxf6+ Ke8 41. Re6+ (41. Ra6 Qc4 (41... a3 42. Nc7+ Kd8 43. Nb5) 42. Ra8+ Kf7
43. Nb6 $18) 41... Kf7 42. Re7+ Kg6 43. Be5 a3 44. Ne3 (44. g4 $18) 1-0

[Event "Olympiad-42"]
[Site "Baku"]
[Date "2016.09.12"]
[Round "10.4"]
[White "Safarli, Eltaj"]
[Black "Short, Nigel D"]
[Result "0-1"]
[WhiteElo "2688"]
[BlackElo "2666"]
[Annotator "Sadorra,J"]
[PlyCount "68"]
[EventDate "2016.09.02"]
[EventType "team-swiss"]
[EventRounds "11"]
[EventCountry "AZE"]
[SourceTitle "CBM 175"]
[Source "ChessBase"]
[SourceDate "2016.11.10"]
[SourceVersion "1"]
[SourceVersionDate "2016.11.10"]
[SourceQuality "1"]
[WhiteTeam "Azerbaijan"]
[BlackTeam "England"]
[WhiteTeamCountry "AZE"]
[BlackTeamCountry "ENG"]

{This match took place in the crucial penultimate round of the 2016 World
Olympiad. After a few rough matches earlier the Azerbaijan Team 1 iwas now
eager to come back to fight for the top places but of course England is always
a team to be reckoned with, consisting a mix of active young players and
experienced veterans, such as the perennial Nigel Short.} 1. e4 {Ftacnik,L} e6
2. d4 d5 3. Nd2 c5 {This is the most reliable line against the Tarrasch
Variation.} 4. Ngf3 Nc6 $5 {Black wants to steer the game to an IQP middlegame.
} ({The more popular line and perfectly viable way to equalise is} 4... cxd4 5.
Nxd4 Nc6 6. Bb5 Bd7) 5. exd5 exd5 6. Bb5 cxd4 {This rare line goes all the way
back to 1941 when Botvinnik used it in a training match against Ragozin!} 7.
O-O Bd6 8. Nxd4 ({The aforementioned game continued} 8. Nb3 Nge7 9. Nbxd4 (9.
Nfxd4 O-O 10. Bg5 Qc7 11. h3 Ng6 (11... a6 $5 12. Be2 (12. Bd3 h6 13. Qh5 (13.
Be3 Ne5 14. c3 Bd7 $11) 13... Ne5 $1) 12... h6 13. Be3 Bd7 14. c3 Ne5 $11) 12.
Qf3 Be6 13. Rae1 Be5 14. c3 Nxd4 15. Nxd4 Bxd4 16. cxd4 Qb6 17. Qd3 h6 18. Bd2
Bf5 19. Qxf5 Qxb5 20. Bc3 Rfe8 21. g3 Nf8 22. h4 Qd7 23. Qf3 Rac8 24. Kg2 Ne6
25. Re5 Nc7 26. Rfe1 {1/2-1/2 (26) Sjugirov,S (2635)-Gorovets,A (2467) St
Petersburg 2013}) 9... h6 ({these days Black players are simply omitting this
move} 9... O-O 10. h3 (10. Bg5 Qc7 11. Re1 Ng6 12. c3 Bg4 13. h3 Nxd4 14. cxd4
Bf5 15. Qb3 Qb6 16. Ba4 Bb4 17. Re2 Be4 18. Nd2 Bxd2 19. Rxd2 h6 20. Be3 Nh4
21. f3 Bxf3 22. Qxb6 axb6 23. Bc2 Rfe8 24. Re1 {0-1 (24) Ponomariov,T (2297)
-Vysochin,S (2521) Voronezh 2008}) 10... Re8 {leading to a fine IQP position
for Black.} (10... Bc7 $5) (10... a6 $5)) 10. Be3 O-O 11. Qd2 Bg4 12. Be2 Rc8
13. Rad1 Bb8 14. h3 Bh5 15. Nxc6 bxc6 16. g4 $2 Bg6 $15 {0-1 (24) Ragozin,
V-Botvinnik,M Moscow 1941}) 8... Nge7 9. Qh5 (9. N2f3 {leads to A) under notes
to 8th move.}) 9... O-O 10. N2f3 f6 {Ftacnik,L: 'Short is very well prepared
and his understanding of the position is very deep. Black is not shy about
playing prophylactic moves on the kingside, as it is the main territory where
White was hoping to succeed.'} 11. Bd3 $6 $146 {technically the novelty of the
game and probably found otb.} (11. Bxc6 bxc6 12. Re1 $2 (12. Nxc6 $1 Bxh2+ 13.
Qxh2 Nxc6 14. Be3 Bf5 15. c3 $11) 12... Qc7 $5 (12... Qb6 $1 13. b3 c5 $17) (
12... Rf7 $1 13. Ne6 Qb6 14. b3 Bb4 15. Bd2 Bxd2 16. Nxd2 Ng6 $17) 13. b3 Ng6
14. Nf5 Bb4 15. Re2 Bd7 $17 {0-1 (34) Wehmeier,S (2340)-Lenz,T (2270) Munich
1993}) 11... g6 12. Qh4 Rf7 $1 {Preventing Bh6 and preparing for future g6-g5
possibilities. Ftacnik,L: 'The black pawns are controlling lots of squares and
White's pieces will find it difficult to infiltrate the kingside.'} (12... Ne5
$6 {is too hasty:} 13. Nxe5 fxe5 14. Nb5 $13 Bc5 $6 15. b4 $1 Bb6 16. Bg5 $36)
13. Re1 (13. Bh6 Ne5 (13... Nb4 14. Be2 Nxc2 $5 15. Nxc2 Nf5 16. Qh3 Nd4 17.
Ncxd4 Bxh3 18. gxh3 Re7 $13) 14. Nxe5 fxe5 15. Nb5 Bc5 16. b4 Bb6 17. Be3 Nf5
$1 18. Qxd8+ Bxd8 $15) (13. c3 $5 {Ftacnik,L} Ne5 14. Be2 Bd7 $11) 13... Ne5 {
Ftacnik,L: 'This key knight move to the central stronghold is indirectly
announcing Black's middlegame ambitions.'} 14. h3 Bd7 {Black already has a
more comfortable game as his pieces are better placed than White's. On h4 the
queen is looking more & more misplaced.} (14... Qb6 $5 15. b3 Bd7 $15 16. Bb2
Nxd3 17. cxd3 h5 $1 $17 18. Re2 $140 Raf8 (18... g5 $2 19. Nxg5 fxg5 20. Qxg5+
Rg7 21. Qxh5 Rf8 22. Rae1 $13) 19. Rae1 Rh7 {followed by Rff7 then ...g5
eventually trapping the queen.}) 15. Bd2 {Ftacnik,L: 'Safarli needs to
position the last minor piece on a good square, as the black position seems to
be very harmonious.'} Qb6 16. Bc3 Nxd3 17. cxd3 g5 $6 {Ftacnik,L: 'A great
moment for the comparision of the difference between the human and computer
approaches to chess. Short is playing a natural human move, but the computer
is even more clever. It suggests combining the advance of the g-pawn with the
h-pawn support and shows an advantage for Black after 17...h5!'} (17... h5 $1 {
same idea from the line under the 14th move.} 18. Re2 (18. Nd2 {Ftacnik,L} Raf8
19. N2b3 Rh7 20. f4 g5 21. Qf2 (21. fxg5 Ng6 22. Qf2 fxg5 $17) 21... Bxf4 $17)
18... Raf8 19. Rae1 (19. Ne6 Nf5 $19) 19... Rh7) 18. Qh5 (18. Qh6 {Ftacnik,L}
Ng6 19. g3 Ne5 $15) 18... Ng6 19. Nh2 $2 {A blunder, most probably a result of
overestimation of his position & overlooking a detail in his analysis.} (19. g3
{I coudn't understand why White didn't play g3 when I first saw this game.
Upon a second look and analysis, I still don't see anything wrong with it!})
19... Bc5 $1 {Critically testing White's idea.} 20. Nb3 {Ftacnik,L: 'A
terrible disaster as White has realised that his planned counterplay move 20.
Ng4 loses by force to the unusual tactics after 21...h5!!'} (20. Nhf3 Nf4 21.
Qh6 Bf8 $19) (20. Ng4 {I'm almost sure this was Safarli's original idea when
he played Nf3-h2, which he decided against in the end as he took a while 
(around 20 min) before playing his 20th move.} Bxg4 (20... Bxd4 $2 21. Nh6+ Kg7
22. Nxf7 {works for White.}) 21. Qxg4 h5 $1 {this move is what he most
probably missed} 22. Qxh5 (22. Qf5 Nh4 $19) 22... Nf4 $19) 20... Bxf2+ $19 {
Black now wins a huge amount of material for nothing, and Nigel easily kills
off Safarli's attempts to create threats.} 21. Kh1 Bxe1 (21... d4 $5 22. Ba5
Qb5 23. Rf1 Nf4 24. Qd1 Be3 $19) 22. Rxe1 Qd6 23. Ng4 Bxg4 24. Qxg4 Qd7 25. Qf3
Re8 26. Rf1 f5 27. Qh5 g4 28. Nd4 Re5 29. Nc2 d4 $1 30. Nxd4 (30. Bxd4 Re2 $19)
30... Rd5 31. Ne2 Rxd3 32. hxg4 Rd1 33. Rg1 Rxg1+ 34. Nxg1 fxg4 {...and White
resigns. An impressive win by Nigel making "short" work of the strong Azeri
player, helping the English team win the match in the process.} 0-1

[Event "Andorra op 34th"]
[Site "Escaldes"]
[Date "2016.08.05"]
[Round "3"]
[White "Jerez Perez, Alfonso"]
[Black "Granda Zuniga, Julio E"]
[Result "0-1"]
[WhiteElo "2386"]
[BlackElo "2672"]
[Annotator "Sadorra,J"]
[PlyCount "92"]
[EventDate "2016.08.03"]
[EventType "swiss"]
[EventRounds "9"]
[EventCountry "AND"]
[SourceTitle "CBM 175"]
[Source "ChessBase"]
[SourceDate "2016.11.10"]
[SourceVersion "1"]
[SourceVersionDate "2016.11.10"]
[SourceQuality "1"]

1. e4 e6 2. d4 d5 3. Nd2 c5 4. Ngf3 Nc6 5. exd5 exd5 6. Bb5 Qe7+ $5 {This is
becoming a popular weapon among GMs to neutralise the Tarrasch, and it's
interesting how the great Peruvian fighter chooses it against a lower-rated
opponent.} 7. Qe2 Qxe2+ 8. Kxe2 cxd4 9. Nxd4 Bd7 10. N2f3 Bd6 11. Be3 ({
The most critical continuation according to Marin's instructive Tarrasch
French articles, which can be found in 2016 Opening Encyclopedia is:} 11. Re1
Nge7 12. Be3 O-O {1/2-1/2 (55) Wei,Y (2634)-Kotsur,P (2558) Tabriz 2014}) (11.
c3 Nge7 ({the natural} 11... Nf6 12. Re1 O-O $11 {is perfectly fine for Black
as also indicated and elaborated on by Marin in his article.}) 12. h3 a6 13.
Bd3 f6 14. Rd1 h5 $5 {1/2-1/2 (33) Ma Qun (2606)-Short,N (2684) Auckland NZL
2016; with good play in this complex ending.}) 11... Nge7 12. Rad1 (12. Rhd1 f6
$5 13. c3 (13. Rd2 Kf7 14. Rad1 a6 15. Ba4 Bb4 $1 16. Rd3 (16. c3 $2 Nxd4+ 17.
Rxd4 Bxa4 $19) 16... Rhd8 {with good play for Black in a complex IQP ending.})
13... Kf7 $11) 12... a6 $5 {Quickly taking action before White brings out the
other rook and consolidates with moves like c3.} (12... f6 {is again also
playable here:} 13. c3 (13. Nxc6 $6 bxc6 14. Ba4 (14. Ba6 Kf7 15. c3 Nf5 $36) (
14. Bd3 c5 $1 15. b3 Kf7 16. Rhe1 g5 $1 17. Kf1 Bc6 $15) 14... c5 $1 {perfect
timing} 15. Bxd7+ Kxd7 16. c3 Rab8 17. Rd2 a5 $15 {[%cal Ga5a4,Gg7g5,Gb8b7,
Gh8b8] Black has plenty of ways to improve his position and put pressure on
White's position.}) 13... Kf7 $11) 13. Ba4 (13. Bd3 Nb4 {is unpleasant to meet}
14. c3 Nxd3 15. Rxd3 f6 16. Re1 (16. Rhd1 Kf7) 16... Kf7 17. Kf1 g5 $1 $36 {
and Black is taking over the game.}) 13... Na5 $5 {A logical follow-up to a6,
and also an interesting way to handle the IQP ending.} ({Even here} 13... f6 {
is also solid but Black was probably concerned with the thematic idea of} 14.
Nxc6 bxc6 15. c4 $5 Rb8 16. Rd2 (16. b3 Bb4) 16... Bb4 17. Rc2 {and it's
easier to play White's position in such structures.}) 14. Bxd7+ Kxd7 15. Ne1 ({
A more testing move is} 15. Ng5 Ke8 $1 (15... f6 16. Nf7 Rhe8 17. Nxd6 Kxd6 18.
f3 Nac6 19. Kf2 $14 {but Black should be able to hold this ending.}) 16. Rhe1 (
16. c3 f6 17. Nge6 Kf7) (16. b3 f6 17. Nge6 Kf7 18. Bf4 Be5 $1 $11) 16... Nc4
17. Bc1 f6 18. Nge6 Kf7 19. f4 $5 (19. b3 Ne5 $11) 19... Rac8 20. c3 Rhe8 $11 {
[%cal Ge7c6,Gd6b8,Gb8a7]}) 15... Nc4 16. b3 (16. Nd3 Rhe8 17. c3 Nc6 $11 18.
Nf5 (18. Nc2 Rac8) 18... g6 19. Nxd6 Kxd6 20. Rhe1 Re4 $36 {and although it's
objectively equal, Black is developing a slight initiative similar to the main
game.}) 16... Nxe3 17. fxe3 f5 18. Nd3 Rac8 19. h3 h5 20. Rhf1 g6 21. Nf4 b5
22. h4 Rhe8 23. Rd3 Bxf4 24. Rxf4 Ng8 $1 $15 25. Kd1 Nf6 26. Ne2 Re5 27. Rfd4
Rce8 28. Kd2 Ne4+ $1 {Giving White a choice.} 29. Ke1 $6 (29. Kc1 $1 Nf6 (29...
Nc5 30. Rxd5+ Rxd5 31. Rxd5+ Kc6 32. Nf4 $1 Rxe3 33. Rd8 $16) 30. Kd2 (30. Nf4
Rxe3 31. Nxd5 Nxd5 32. Rxd5+ Kc8 33. Rd6 Rxd3 34. cxd3 Re2 $11 {and this rook
ending will most likely end in a draw, providing neither side commits a
blunder.}) 30... Ne4+ $11) (29. Kd1 $4 Nf2+) 29... Kc6 $1 30. c4 $6 {Panic
reaction, but it's already unpleasant to defend White's position.} (30. Nf4 Nc5
31. Rc3 Rxe3+ 32. Rxe3 Rxe3+ 33. Kf2 (33. Kf1 Ne4 $1 34. Nxg6 Kc5 35. Rd1 Rc3
36. Rc1 Rg3 37. Ne5 (37. Nf4 Rg4 38. Nd3+ Kd4 {[%csl Ra2,Rc2,Rh4][%cal Gd4c3]})
37... Kb4 {[%csl Ra2,Rc2][%cal Gb4c3,Gb4a3]}) 33... Rc3 34. Nxd5 Rxc2+ 35. Kf3
a5 $1 $17) 30... Nc5 $1 {The most practical.} ({Also good but requiring
accuracy is the straightforward} 30... dxc4 31. bxc4 b4 32. Rd7 (32. Kf1 Ra5
33. Nc1 Kb6 34. Rd7 Rc8 35. R3d4 Ra3 $17) (32. Nc1 Nc5 $19) 32... R5e7 {
Black is still better of course but Julio Granda sensed that White might get
counterplay with his rooks and a knight move to d4 and saw it as unnecessary
to allow any of this, and I believe he's right to do this e.g.} 33. R7d5 $5 Nc5
34. Nd4+ Kb6 35. Rd6+ Kb7 36. Rd1 Rxe3+ 37. Kf1 {and there's still plenty of
work to be done here} Ra3 (37... Rg3 38. Nc6 $13) 38. Nc2 Rxa2 39. Nxb4 Rb2 40.
Nc6 $132) 31. cxd5+ Kd6 32. Rc3 Rxe3 33. Rxe3 Rxe3 34. Kf2 Re8 (34... Re4 $2
35. Rxe4 Nxe4+ 36. Ke3 Kxd5 37. Nf4+ $11) 35. Nf4 Ne4+ 36. Kf3 g5 $5 (36... Rc8
$142 $1 37. Nxg6 Rc2 38. Kf4 (38. Nf4 Rxa2 39. Nxh5 Ke5 40. Rd3 (40. Rd1 Rb2)
40... Rf2+ 41. Ke3 f4+ 42. Nxf4 Rxf4 43. d6 Rg4 $1 $19) 38... Rf2+ 39. Ke3 Rxg2
40. Nf4 Rg3+ 41. Ke2 Ke5 $19) 37. hxg5 ({A more stubborn try is} 37. Nxh5 $5
Ke5 38. Rd3 Rh8 39. d6 $1 Nxd6 40. Nf6 g4+ 41. Ke3 {and now the only way to
keep winning chances is to use a cute small tactic:} Ne4 42. Nxe4 f4+ $1 43.
Kf2 Kxe4 44. Rd6 Rc8 $1 {and it'll be very difficult for White to defend this
practically.}) 37... Nxg5+ 38. Kf2 Ne4+ 39. Kf3 Rg8 {The activation of the
rook is decisive.} 40. Ne2 Rg4 41. Rd1 h4 42. Nd4 Ke5 43. Nc6+ $2 ({White
could've resisted more with} 43. Ne2 {but White is almost in zugzwang after
Black slowly improves his position} a5 $1 ({or} 43... b4 $1) 44. Rd3 a4 45.
bxa4 bxa4 46. a3 Rg8 $1 $17 {[%csl Gb3,Gc3][%cal Gg8b8,Gb8b3,Gg8c8,Gc8c3,Ge4c3]
}) 43... Kf6 44. d6 Rg3+ 45. Kf4 Nc5 46. Nd4 Nd3+ {White will lose more
material, so he resigned. Instructive play by the strong Peruvian GM on how to
neutralise the Tarrasch French and how to handle a complex ending with an IQP.}
0-1

[Event "EU-chT (Men) 14th"]
[Site "Plovdiv"]
[Date "2003.10.12"]
[Round "2.2"]
[White "Tiviakov, Sergei"]
[Black "Berkes, Ferenc"]
[Result "1-0"]
[WhiteElo "2601"]
[BlackElo "2616"]
[Annotator "Tiviakov,S"]
[PlyCount "145"]
[EventDate "2003.10.10"]
[EventType "team-swiss"]
[EventRounds "9"]
[EventCountry "BUL"]
[SourceTitle "CBM 098"]
[Source "ChessBase"]
[SourceDate "2004.02.03"]
[SourceVersion "1"]
[SourceVersionDate "2004.02.03"]
[SourceQuality "1"]
[WhiteTeam "Netherlands"]
[BlackTeam "Hungary"]
[WhiteTeamCountry "NED"]
[BlackTeamCountry "HUN"]

1. e4 c5 2. c3 e6 3. d4 d5 4. exd5 exd5 5. Nf3 Nc6 6. Bb5 Bd6 7. dxc5 Bxc5 8.
O-O Nge7 9. Nbd2 O-O 10. Nb3 Bd6 11. Bd3 h6 12. h3 Nf5 13. Bc2 $5 (13. Re1)
13... Re8 (13... Bc7) (13... Be6) 14. Re1 $5 $146 (14. Qd3 g6 (14... Be6 15.
Be3 Qf6 16. Bc5 Rad8 17. Rfe1 g6 18. Qd2 Nh4 19. Nxh4 Qxh4 20. Bxd6 Rxd6 21.
Nc5 b6 22. Nxe6 Rdxe6 23. Rxe6 Rxe6 24. Bb3 Ne7 25. Rd1 Qg5 26. Qd3 Qe5 27. Rd2
h5 28. c4 Qc7 29. Rd1 dxc4 30. Bxc4 Rc6 31. b3 Nf5 32. Qd7 Nh6 33. Qe8+ Kg7 34.
Rd8 Kf6 35. Rd7 Qf4 36. Rxf7+ Nxf7 37. Qxf7+ Ke5 38. Qd5+ Kf6 39. Qxc6+ {
1-0 Hansen,C-Schaller,S/Germany 1999/EXT 2000 (39)}) (14... Qf6 15. Qxd5 Be6
16. Qd1 Rad8 17. Nbd4 Bc5 18. Bxf5 Bxf5 19. Be3 Be4 20. Qc1 Bxf3 21. Nxf3 Bxe3
22. fxe3 Qe7 23. Re1 Qe4 24. Nd4 Ne5 25. Re2 Nc4 26. Qe1 {1/2-1/2 Touloumis,
A-Dorfanis,I/Kallithea Chalkidiki GRE 2003/The Week in Chess 454 (26)}) 15. Qd1
(15. Qd2 Bf8 16. Bxf5 Bxf5 17. Nbd4 Be4 18. Qd1 Qb6 19. Nb3 a5 20. Be3 Qd8 21.
Nbd4 a4 22. Ne1 g5 23. Nef3 Qf6 24. Nd2 Bg6 25. Qf3 Qxf3 26. N2xf3 a3 27. b3
Rac8 28. Rac1 Be4 29. Nxc6 bxc6 30. Rfd1 Ra8 31. Nd4 Ra6 32. f3 Bxf3 33. gxf3
Rxe3 34. Re1 Rxe1+ 35. Rxe1 Bg7 36. Re8+ Kh7 37. Rc8 Bxd4+ 38. cxd4 Kg6 39. Kf2
h5 40. Ke3 Kf5 41. Rc7 f6 42. Rc8 g4 43. fxg4+ hxg4 44. hxg4+ Kxg4 45. Rg8+ Kf5
46. Rc8 Ra7 47. Rxc6 Rh7 48. Rd6 Rh3+ 49. Kd2 Ke4 50. Rxf6 Kxd4 51. Rf4+ Ke5
52. Rf2 Ke4 53. Re2+ Kd4 54. Kc2 Kc5 55. Rg2 d4 56. Rg8 Rh2+ 57. Kd3 Rxa2 58.
Rc8+ Kb4 59. Rb8+ Kc5 60. Rc8+ Kd5 61. Rd8+ {1/2-1/2 Ravi,T-Rahman,Z/Mumbai
IND 2003/The Week in Chess 442 (61)}) 15... Kh7 (15... Bf8 16. Bf4 $14) 16.
Nbd4 Qf6 17. Nxf5 Bxf5 18. Bxf5 Qxf5 19. Be3 $14 Rad8 20. Re1 Bf8 21. Qb3 Qd7
22. Rad1 Bg7 23. Qc2 b5 24. Bc5 Rxe1+ 25. Rxe1 a5 26. Qb3 b4 27. a4 bxc3 28.
bxc3 Rb8 29. Qc2 Qb7 30. Nd4 Nxd4 31. cxd4 Qc6 {1/2-1/2 Illescas Cordoba,
M-Smirin,I/Elista 1998/CBM 66 ext (31)}) 14... Rxe1+ (14... Be6 15. Bxf5 Bxf5
16. Rxe8+ Qxe8 17. Qxd5 Qd7 18. Qc4 $14) 15. Qxe1 Be6 16. Be3 Qf6 (16... Nxe3
17. Qxe3 Qf6 18. Re1 $14 (18. Nc5 $5)) 17. Bc5 (17. Rd1 Ne5 $13 (17... Re8 $5))
17... Ne5 $2 (17... Bf4) (17... Bc7) 18. Nxe5 Bxe5 19. Bxf5 $1 Bxf5 (19... Qxf5
20. Nd4 Bxd4 (20... Qf4 21. g3 Qf6 22. Be7 $1 Qxe7 23. Qxe5 $14) (20... Qf6 21.
Be7 $1 $16) 21. Bxd4 $14 {^-}) 20. Bd4 Re8 21. Qe3 Kh7 (21... a6) 22. Bxe5 Rxe5
23. Qf4 $1 (23. Qxa7 $6 Qg6 $40 {/\Bh3, Re2}) 23... Re4 24. Qf3 Qe5 25. Nd4 Bg6
26. Qd1 $14 {_|_ [><d5, Bg6]} Qe7 27. Qd2 f6 28. Rd1 a6 29. a3 (29. f3 {/\Kf2})
29... Qe8 30. f3 Re5 (30... Re3 31. Kf2 Rd3 32. Qe2 $16) 31. Kf2 Qe7 32. Ne2 $6
(32. Re1 $142 {/\Re3, Ne2-f4}) 32... Qe6 33. Nd4 (33. Nf4 Qb6+ 34. Kg3 Bf7)
33... Qb6 34. Re1 a5 {[/\a4, ><b2]} 35. a4 Kh8 36. b3 Kh7 37. Re2 Qc5 38. Re3
Qa3 39. Qe2 Qd6 40. Qe1 Rg5 41. Kg1 Re5 42. Qd2 Qe7 43. Kf2 Qc5 44. Nb5 b6 45.
Nd4 (45. Qd4 $6 Bc2) 45... Qd6 46. Ne2 Qc5 47. Nf4 Rxe3 $6 (47... Bf7 48. Qd3+
Kh8 $14) 48. Qxe3 Bc2 (48... Qxe3+ 49. Kxe3 Bc2 50. Nxd5 Bxb3 51. Nxb6 $18) 49.
Qxc5 bxc5 50. Ne6 c4 $2 (50... Bxb3 $142 51. Nxc5 Bc4 $16) 51. b4 $1 $18 axb4
52. cxb4 Bxa4 53. Nd4 Bd7 54. b5 Kg6 55. b6 Bc8 56. Nb5 Ba6 (56... Kg5 $5 57.
Ke3 $5 (57. g3) 57... Kh4 $140 58. Nd6 Ba6 59. Nf5+ Kg5 60. Nxg7 $18) 57. Ke3
Kf5 (57... Kg5 58. g3 $18) 58. f4 $1 {(.)} h5 (58... g5 59. g4+ Kg6 60. f5+ $18
) 59. Nd6+ Ke6 60. b7 Bxb7 61. Nxb7 h4 (61... g5 $142 62. fxg5 fxg5 63. Nd8+ $5
Kf5 64. Nc6 h4 (64... g4 65. h4 $18) 65. Nd4+ Ke5 66. Ne2 Kf5 $140 67. Kd4 g4
68. Kxd5 gxh3 69. gxh3 c3 70. Nxc3 Kf4 71. Ne2+ Kf3 72. Ng1+ Kg2 73. Ke4 Kxg1
74. Kf3 Kf1 75. Kg4 Kf2 76. Kxh4) 62. Na5 $1 Kd6 (62... g5 63. fxg5 fxg5 64.
Nc6 $18) 63. Kd4 g6 64. f5 $1 gxf5 65. Nb7+ Kc6 66. Nc5 Kb5 (66... Kd6 67. Na4
f4 68. Nc3 Ke6 69. Ne2 $18 (69. Nxd5 Kf5 70. Kxc4 Ke5 71. Kc5 $18)) 67. Ne6 Kb4
68. Nf4 Kb3 69. Nxd5 f4 70. Nxf4 c3 71. Ne2 c2 72. Kd3 Kb2 73. Ke4 1-0